01182nam a2200325Ia 4500001000900000003000500009005001700014008004100031010001100072020001800083040000900101082002200110100003100132245010100163260003500264300001100299500003400310504003100344590002000375650003600395650003000431700003400461901002200495902000600517905006300523942001500586999001900601952011200620952012400732dia_5278CHAP20251023173052.0220117s2004 xx 000 0 und d a176187 a970-15-0941-2 cCHAP a621.3815 P84 2004 aPueyo, Héctor O.9158081 aCircuitos eléctricos : análisis de modelos circuitales /c Héctor O. Pueyo y Carlos Marco aMéxico :b Alfaomega,c2004 a627 p. aLa biblioteca tiene el Tomo 2 aBibliografía: p. 625-627 aTX3001 P84 2004 aCircuitos eléctricos 923358 aElectric circuits9158082 aMarco, Carlos, coaut.9158083 a621.3815 P84 2004 aM a5232272004 mx imnq8222223322spa16 cLIBRO2ddc c176187d176187 00102ddc40708GRALaIA_bIA_c1d2022-01-18f1l0pdia_007582r2022-01-18 00:00:00t2w2022-01-18yLIBRO 00102ddc40708GRALaIA_bIA_c1d2022-01-18f1l1pdia_007581r2022-11-25 00:00:00s2022-11-25t1w2022-01-18yLIBRO